000 00268nam a2200121Ia 4500
008 190216s9999||||xx |||||||||||||| ||und||
100 _aNull
245 0 _aHindi-Ghali Pyaleki Athmakatha
260 _bPars Prakashan
300 _a111
650 _aHindi
942 _cBK
999 _c16289
_d16289